市の名前が入る駅(中国) - Statistics

General Stats
  • This quiz has been taken 21 times
  • The average score is 113 of 224
Answer Stats
Hint Hint Answer % Correct
鳥取 鳥取 鳥取
100%
米子 鳥取 米子
100%
松江 島根 松江
100%
浜田 島根 浜田
100%
倉吉 鳥取 倉吉
94%
境港 鳥取 境港
94%
出雲 島根 出雲市
94%
津山 岡山 津山
94%
広島 広島 広島
94%
山口 山口 | 愛知 山口
94%
鳥取 鳥取 鳥取大学前
89%
江津 島根 江津
89%
岡山 岡山 岡山
89%
津山 岡山 東津山
89%
笠岡 岡山 笠岡
89%
井原 岡山 | 愛知 井原
89%
総社 岡山 総社
89%
広島 | 東広島 広島 東広島
89%
府中 広島 | 徳島 | 東京 府中
89%
三次 広島 三次
89%
大竹 広島 大竹
89%
廿日市 広島 廿日市
89%
下関 山口 下関
89%
宇部 山口 宇部
89%
山口
89%
下松 大阪 | 山口 下松
89%
岩国 山口 岩国
89%
山口
89%
米子 鳥取 米子空港
83%
松江 和歌山 | 島根 東松江
83%
益田 島根 益田
83%
大田 島根 大田市
83%
安来 島根 安来
83%
倉敷 岡山 新倉敷
83%
倉敷 岡山 倉敷
83%
高梁 岡山 備中高梁
83%
新見 岡山 新見
83%
広島 北海道 北広島
83%
広島
83%
竹原 広島 竹原
83%
三原 広島 三原
83%
尾道 広島 新尾道
83%
尾道 広島 尾道
83%
福山 広島 福山
83%
福山 広島 東福山
83%
府中 東京 府中本町
83%
府中 大阪 和泉府中
83%
山口 山口 新山口
83%
岩国 山口 新岩国
83%
鳥取 大阪 和泉鳥取
78%
松江 島根 松江しんじ湖温泉
78%
出雲 新潟 出雲崎
78%
出雲 島根 西出雲
78%
岡山 東京 大岡山
78%
岡山 岡山 東岡山
78%
玉野 愛知 玉野
78%
府中 東京 東府中
78%
庄原 広島 備後庄原
78%
下関 山口 新下関
78%
山口 東萩
78%
防府 山口 防府
78%
柳井 山口 柳井
78%
美祢 山口 美祢
78%
浜田 島根 西浜田
72%
倉敷 岡山 倉敷市
72%
井原 広島 井原市
72%
広島 広島 西広島
72%
尾道 広島 東尾道
72%
府中 香川 讃岐府中
72%
三次 広島 西三次
72%
山口 鳥取 大山口
72%
岩国 山口 南岩国
72%
長門 山口 長門市
72%
岡山 岡山 岡山駅前
67%
総社 群馬 群馬総社
67%
総社 岡山 東総社
67%
広島 広島 広島駅
67%
滋賀 余呉
67%
府中 東京 北府中
67%
宇部 山口 宇部新川
67%
愛知 | 福岡 萩原
67%
岩国 山口 西岩国
67%
出雲 島根 出雲横田
61%
出雲 島根 出雲大社前
61%
江津 新潟 直江津
61%
備前 岡山 備前西市
61%
美作 岡山 美作落合
61%
府中 東京 府中競馬正門前
61%
備前 兵庫 備前福河
56%
備前 岡山 備前片上
56%
備前 岡山 備前三門
56%
美作 岡山 美作加茂
56%
山口 東京 高尾山口
56%
茨城 高萩
56%
東京 光が丘
56%
長門 山口 長門本山
56%
鳥取 大阪 鳥取ノ荘
50%
出雲 島根 出雲神西
50%
出雲 島根 電鉄出雲市
50%
山口 | 津山 岡山 津山口
50%
備前 岡山 備前一宮
50%
美作 岡山 美作追分
50%
広島 広島 広島港
50%
富山 呉羽
50%
下関 新潟 越後下関
50%
岩国 山口 清流新岩国
50%
松江 兵庫 林崎松江海岸
44%
松江 福岡 豊前松江
44%
浜田 宮城 陸前浜田
44%
浜田 東京 浜田山
44%
出雲 島根 出雲坂根
44%
美作 岡山 美作河井
44%
廿日市 広島 広電廿日市
44%
廿日市 広島 廿日市市役所前
44%
山口 大阪 信貴山口
44%
山口 兵庫 篠山口
44%
北海道 萩野
44%
栃木 日光
44%
栃木 東武日光
44%
柳井 山口 柳井港
44%
広島 呉ポートピア
39%
竹原 福井 越前竹原
39%
竹原 長野 信濃竹原
39%
竹原 三重 伊勢竹原
39%
山口 埼玉 下山口
39%
山口 滋賀 坂本比叡山口
39%
松江 和歌山 中松江
33%
松江 島根 松江イングリッシュガーデン前
33%
井原 愛媛 向井原
33%
備前 岡山 備前田井
33%
美作 岡山 美作江見
33%
広島 広島 広電西広島
33%
三原 千葉 南三原
33%
山口 富山 新富山口
33%
山口 京都 八瀬比叡山口
33%
山口 和歌山 西山口
33%
山口 鳥取 中山口
33%
山口 山口 上山口
33%
東京 萩山
33%
大阪 萩ノ茶屋
33%
長門 山口 長門二見
33%
出雲 島根 出雲大東
28%
出雲 島根 出雲三成
28%
備前 岡山 備前原
28%
熊本 | 福岡 呉服町
28%
埼玉 武蔵高萩
28%
岐阜 飛騨萩原
28%
大阪 萩原天神
28%
埼玉 和光市
28%
岡山 金光
28%
長門 山口 長門大井
28%
長門 山口 長門三隅
28%
長門 山口 長門古市
28%
長門 山口 長門湯本
28%
長門 山口 長門長沢
28%
松江 島根 松江フォーゲルパーク
22%
出雲 島根 出雲八代
22%
備前 岡山 備前片岡
22%
美作 岡山 美作土居
22%
美作 岡山 美作大崎
22%
美作 岡山 美作千代
22%
美作 岡山 美作滝尾
22%
宇部 岩手 陸中宇部
22%
千葉 | 大阪 光風台
22%
山梨 善光寺
22%
大阪 光明池
22%
熊本 光の森
22%
大分 光岡
22%
長門 山口 長門粟野
22%
広島 広島 JA広島病院前
22%
出雲 島根 出雲科学館パークタウン前
17%
大田 茨城 大田郷
17%
井原 大阪 井原里
17%
山口 青森 白神岳登山口
17%
山口 愛知 犬山口
17%
山口 京都 大江山口内宮
17%
山形 萩生
17%
奈良 萩の台
17%
神奈川 洋光台
17%
富山 福光
17%
長野 善光寺下
17%
愛媛 光洋台
17%
愛媛 高光
17%
大田 高知 大田口
11%
岡山 岡山 西大寺町・岡山芸術創造劇場ハレノワ前
11%
岡山 備中呉妹
11%
山口 岩手 山口団地
11%
山口 福島 七ヶ岳登山口
11%
山口 埼玉 浦山口
11%
山口 大阪 三ヶ山口
11%
宇部 山口 宇部岬
11%
富山 萩浦小学校前
11%
愛媛 中萩
11%
北海道 光珠内
11%
新潟 東光寺
11%
島根 石見福光
11%
福岡 枝光
11%
大分 豊前善光寺
11%
長門 山口 長門峡
11%
津山 福島 会津山村道場
6%
千葉 七光台
6%
福井 光明寺
6%
長野 元善光寺
6%
愛知 定光寺
6%
大阪 光善寺
6%
大阪 瑞光四丁目
6%
徳島 貞光
6%
大田 長野 大田切
0%
山口 福岡 徳力嵐山口
0%
福岡 香春口三萩野
0%
福岡 出光美術館
0%
長崎 観光通
0%
宮崎 財光寺
0%
No matching quizzes found
Score Distribution
Percent of People with Each Score
Percentile by Number Answered
Your Score History
You have not taken this quiz